| 000 | 01357nam a2200361 a 4500 | ||
|---|---|---|---|
| 001 | ebr5001701 | ||
| 003 | CaPaEBR | ||
| 006 | m u | ||
| 007 | cr cn||||||||| | ||
| 008 | 000710s1999 enk sb 001 0 eng | ||
| 010 | _z 99032866 | ||
| 015 | _aGBA0-43762 | ||
| 016 | 7 |
_a0333751329 _2Uk |
|
| 020 | _z0333751329 | ||
| 020 | _z0312223803(St. Martin's Press) | ||
| 040 |
_aCaPaEBR _cCaPaEBR |
||
| 035 | _a(OCoLC)70754244 | ||
| 050 | 1 | 4 |
_aJC337 _b.G56 2000eb |
| 082 | 0 | 4 |
_a330.1 _221 |
| 100 | 1 | _aArchibugi, Franco. | |
| 245 | 1 | 4 |
_aThe associative economy _h[electronic resource] : _binsights beyond the welfare state and into post-capitalism / _cFranco Archibugi. |
| 260 |
_aBasingstoke : _bMacmillan ; _aNew York : _bSt. Martin's Press, _c1999. |
||
| 300 | _axviii, 373 p. | ||
| 504 | _aIncludes bibliographical references and index. | ||
| 533 |
_aElectronic reproduction. _bPalo Alto, Calif. : _cebrary, _d2013. _nAvailable via World Wide Web. _nAccess may be limited to ebrary affiliated libraries. |
||
| 650 | 0 | _aCapitalism. | |
| 650 | 0 | _aWelfare state. | |
| 650 | 0 | _aSocial change. | |
| 650 | 0 | _aProduction (Economic theory) | |
| 655 | 7 |
_aElectronic books. _2local |
|
| 710 | 2 | _aebrary, Inc. | |
| 856 | 4 | 0 |
_uhttp://site.ebrary.com/lib/rucke/Doc?id=5001701 _zAn electronic book accessible through the World Wide Web; click to view |
| 999 |
_c1306 _d1306 |
||